Word Ladder: Easter Quiz Stats

Quiz Updated Mar 27, 2016

Challenge
Share
Tweet
Embed
Score 0/15 Timer 02:00
1 Play Today
Clue 4-Letter Word % Correct
Santa Claus lives at the North onePOLE
96.8%
• 2 days before Easter: ____ Friday •• GOOD •
95.8%
A part in a play or movieROLE
95.5%
Give up, in pokerFOLD
95.5%
Something you eatFOOD
95.3%
Darker fontBOLD
93.9%
Lightning ____ BOLT
91.7%
• According to the New Testament, Jesus ____ from the [last rung] •• ROSE •
90.1%
Clue 4-Letter Word % Correct
• According to the New Testament, Jesus [first rung] from the ____• DEAD •
85.2%
Be in charge or command ofLEAD
83.9%
A burden to be carriedLOAD
79.4%
Spiked stick used for driving cattleGOAD
78.3%
A prefix meaning manyPOLY
76.4%
• 3 days before Easter: ____ Thursday •• HOLY •
74.8%
1960s Prime Minister of Australia HaroldHOLT
71.7%

Today's Daily Dose

Missing Word
1971 Movies A-Z

Word Ladder
Complete Tour

Quick Pick
Logo Colors

On This Day
January 19th

You're not logged in!

Compare scores with friends on all Sporcle quizzes.
Sign Up with Email
OR
Log In

You Might Also Like...

Show Comments

Extras

Top Quizzes Today


Score Distribution

Your Account Isn't Verified!

In order to create a playlist on Sporcle, you need to verify the email address you used during registration. Go to your Sporcle Settings to finish the process.